[Event "94th Tradewise Hastings Congress"]
[Site "Hastings"]
[Date "2019.01.06"]
[Round "10"]
[White "Petrov, Vladimir Sergeev"]
[Black "Stoyanov, Viktor"]
[Result "1-0"]
[WhiteElo "2365"]
[BlackElo "2205"]
[Annotator "NA"]
[PlyCount "71"]
[EventDate "2018.12.28"]
[EventType "swiss"]
[EventCountry "ENG"]
[SourceTitle "playchess.com"]
[Source "ChessBase"]
[SourceQuality "1"]
[TimeControl "40/6000+30:3000+30"]

1. e4 {[%emt 0:00:00]} c5 {[%emt 0:00:00]} 2. Nf3 {[%emt 0:00:48]} e6 {[%emt 0:00:00]} 3. d4 {[%emt 0:00:17]} cxd4 {[%emt 0:00:00]} 4. Nxd4 {[%emt 0:00:04]} Nf6 {[%emt 0:00:00]} 5. Nc3 {[%emt 0:02:00]} Nc6 {[%emt 0:00:00]} 6. Ndb5 {[%emt 0:01:10]} Bc5 {[%emt 0:00:06]} 7. Nd6+ {[%emt 0:03:15]} Ke7 {[%emt 0:00:04]} 8. Bf4 {[%emt 0:01:04]} e5 {[%emt 0:00:09]} 9. Nf5+ {[%emt 0:01:15]} Kf8 {[%emt 0:00:04]} 10. Bg5 {[%emt 0:06:03]} d6 {[%emt 0:01:21]} 11. Bc4 {[%emt 0:05:46] LiveBook: 4 Games} Be6 {[%emt 0:06:29]} 12. Bd5 $11 {[%emt 0:04:01]} h6 {[%emt 0:04:59]} 13. Be3 {[%emt 0:15:43]} Bb4 {[%emt 0:11:03]} 14. O-O {[%emt 0:13:58]} Bxc3 {[%emt 0:08:06]} 15. bxc3 {[%emt 0:00:27]} Bxd5 {[%emt 0:00:43]} 16. exd5 {[%emt 0:00:53]} Ne7 {[%emt 0:02:18]} 17. Nxe7 {[%emt 0:01:23]} Qxe7 {[%emt 0:00:06]} 18. f4 {[%emt 0:00:26]} e4 {[%emt 0:09:43]} 19. c4 {[%emt 0:04:21]} b6 {[%emt 0:04:25]} 20. a4 {[%emt 0:03:01]} Rc8 {[%emt 0:04:02]} 21. a5 {[%emt 0:00:15]} Qc7 {[%emt 0:02:28]} 22. axb6 {[%emt 0:02:22]} axb6 {[%emt 0:00:16]} 23. Ra4 {[%emt 0:02:49]} Nd7 {[%emt 0:03:49]} 24. Qg4 {[%emt 0:02:20]} Nf6 {[%emt 0:05:52]} 25. Qe2 {[%emt 0:00:21]} Kg8 {[%emt 0:08:42]} 26. Bd4 {[%emt 0:07:08]} Nd7 {[%emt 0:07:19]} 27. Qg4 {[%emt 0:08:42]} f6 {[%emt 0:00:17]} 28. Rfa1 {[%emt 0:01:53]} Rh7 {[%emt 0:06:14]} 29. Qe6+ {[%emt 0:06:43]} Kh8 {[%emt 0:00:14]} 30. Ra8 {[%emt 0:00:34]} Nb8 {[%emt 0:01:40]} 31. c5 {[%emt 0:04:55]} Rf8 {[%emt 0:02:33]} 32. R1a7 {[%emt 0:01:56]} Qd8 {[%emt 0:01:15]} 33. c6 {[%emt 0:00:27]} g6 {[%emt 0:00:23]} 34. Rxh7+ {[%emt 0:00:44]} Kxh7 {[%emt 0:00:04]} 35. Ra7+ {[%emt 0:00:10]} Kh8 {[%emt 0:00:06]} 36. c7 {[%emt 0:00:07]} 1-0

[Event "94th Tradewise Hastings Congress"]
[Site "Hastings"]
[Date "2019.01.06"]
[Round "10"]
[White "Murphy, Conor E"]
[Black "Leenhouts, Koen"]
[Result "1-0"]
[WhiteElo "2331"]
[BlackElo "2470"]
[Annotator "TA"]
[PlyCount "107"]
[EventDate "2018.12.28"]
[EventType "swiss"]
[EventCountry "ENG"]
[SourceTitle "playchess.com"]
[Source "ChessBase"]
[SourceQuality "1"]

{[%evp 20,107,62,7,21,39,66,65,72,72,68,68,72,70,74,79,59,62,69,64,128,-32,-39,-39,-35,-22,0,-17,0,-39,-11,-11,-8,-18,-18,-14,-14,-44,-29,-146,-90,-54,44,0,0,0,0,0,41,0,0,0,0,0,0,0,30,29,36,15,31,10,19,0,191,191,196,187,206,198,367,354,452,397,848,813,826,631,1039,1000,1016,958,1210,1131,2234,1758,1869,1230,5114,5097]} 1. e4 c5 2. Nf3 e6 3. d4 cxd4 4. Nxd4 Nc6 {[%cal Bb8c6,Bc6e5,Be5g4,Bg4f2,Bf2d1][%mdl 32]} 5. Nc3 Qc7 6. Be3 a6 7. Qf3 {B48: Sicilian: Taimanov: 5 Nc3 Qc7 6 Be3 a6 without Be2} Nf6 8. O-O-O Ne5 9. Qg3 b5 10. f4 Neg4 11. Bd2 {LiveBook: 4 Games} (11. Bg1 $14) 11... b4 12. Na4 Qa7 13. e5 $1 {[%cal Be4e5,Be5f6][%mdl 32]} Qxd4 14. exf6 Nf2 {[%mdl 64] [#] Double Attack} 15. Qf3 $146 Rb8 16. Bc3 $1 {[%cal Rc3d4]} Qxd1+ 17. Qxd1 Nxd1 18. fxg7 Bxg7 19. Bxg7 Rg8 (19... Nf2 $1 $14 20. Bxh8 Nxh1) 20. Be5 $2 (20. Bd4 $16) 20... Nf2 $15 21. Rg1 $1 Nh3 22. Rh1 Nf2 {Threatens to win with ...d6.} 23. Rg1 $1 {[#]} Nh3 $1 {[%mdl 512]} 24. Rh1 {aiming for Bc4.} (24. gxh3 Rxg1) 24... Ra8 {And now ...Bb7 would win.} (24... b3 $5 25. axb3 (25. gxh3 $2 bxa2 26. b3 d6 $19) (25. cxb3 Rb4 $11) 25... Rb4 $11) 25. Nb6 Bb7 26. Nxa8 Bxa8 27. Bxa6 Rxg2 {Strongly threatening ...Be4.} 28. Rd1 Nf2 29. Rd4 {[#]} (29. Bf1 $11 {keeps the balance.} Rxh2 30. Rd2) 29... Rg1+ ({Black should play} 29... f6 $1 {[%cal Rf6e5]} 30. Rxb4 fxe5 31. Rb8+ Ke7 32. Rxa8 exf4) 30. Kd2 $17 Ne4+ (30... f6 $1 $15 31. Rxb4 fxe5 32. Rb8+ Ke7 33. Rxa8 exf4) 31. Ke2 Rg2+ 32. Ke3 f6 33. Rxb4 {Black must now prevent Rb8+.} Kf7 (33... Ke7 $5 {[%cal Rf6e5]} 34. Bb8 f5 $11) 34. Bd4 Rxh2 35. Bb7 Rh3+ 36. Ke2 Rh2+ 37. Kf3 {Kxe4 is the strong threat.} Nd2+ 38. Ke3 Nf1+ {[%mdl 64] Discovered Attack} 39. Kd3 Rh3+ $1 40. Kc4 Nd2+ 41. Kc5 Rh5+ $2 {[#]} (41... Bxb7 $1 $11 42. Rxb7 Rh5+ 43. Kb4 Rd5) 42. Kb6 $1 $18 Bxb7 43. Kxb7 {[%mdl 4096] Endgame KRB-KRN} Ne4 44. a4 Rd5 $2 (44... Rf5 45. Kb6 e5) 45. Bb6 Nd6+ 46. Kb8 Rd2 $2 (46... h5 47. a5 h4) 47. Rd4 {White is clearly winning.} Rxd4 48. Bxd4 {KB-KN} h5 49. Kc7 Nc4 50. b3 {[%cal Bb2b3,Bb3c4][%mdl 32]} Na3 51. c4 h4 52. a5 d5 53. a6 dxc4 54. bxc4 {Accuracy: White = 72%, Black = 28%.} 1-0

[Event "94th Tradewise Hastings Congress"]
[Site "Hastings"]
[Date "2019.01.06"]
[Round "10"]
[White "Lyell, Mark"]
[Black "Djuric, Stefan"]
[Result "1/2-1/2"]
[WhiteElo "2317"]
[BlackElo "2371"]
[Annotator "NA"]
[PlyCount "84"]
[EventDate "2018.12.28"]
[EventType "swiss"]
[EventCountry "ENG"]
[SourceTitle "playchess.com"]
[Source "ChessBase"]
[SourceQuality "1"]
[TimeControl "40/6000+30:3000+30"]

1. e4 {[%emt 0:00:00]} c5 {[%emt 0:00:00]} 2. Nf3 {[%emt 0:00:00]} g6 {[%emt 0:00:00]} 3. d4 {[%emt 0:00:01]} cxd4 {[%emt 0:00:00]} 4. Qxd4 {[%emt 0:00:08]} Nf6 {[%emt 0:00:00]} 5. Nc3 {[%emt 0:00:25]} Nc6 {[%emt 0:00:27]} 6. Qa4 {[%emt 0:00:14]} d6 {[%emt 0:02:35]} 7. e5 {[%emt 0:00:21]} dxe5 {[%emt 0:08:16]} 8. Nxe5 {[%emt 0:00:10]} Bd7 {[%emt 0:00:10]} 9. Nxd7 {[%emt 0:00:12]} Qxd7 {[%emt 0:00:04]} 10. Be3 {[%emt 0:00:38]} Bg7 {[%emt 0:05:32]} 11. Rd1 {[%emt 0:00:53]} Qc8 {[%emt 0:02:50]} 12. Be2 {[%emt 0:00:47]} O-O {[%emt 0:08:00]} 13. O-O {[%emt 0:01:53] LiveBook: 37 Games} a6 $11 {[%emt 0:13:29]} 14. h3 {[%emt 0:10:01]} b5 {[%emt 0:03:34]} 15. Qb3 {[%emt 0:04:43]} Rb8 {[%emt 0:25:20]} 16. a3 {[%emt 0:42:36]} Re8 {[%emt 0:07:07]} 17. Rfe1 {[%emt 0:07:22]} Qc7 {[%emt 0:07:38]} 18. g3 {[%emt 0:04:48]} Na5 {[%emt 0:05:22]} 19. Qa2 {[%emt 0:00:14]} Rbc8 {[%emt 0:01:09]} 20. Rd2 {[%emt 0:04:58]} Qb7 {[%emt 0:05:48]} 21. Red1 {[%emt 0:04:23]} Nc4 {[%emt 0:04:11]} 22. Bxc4 {[%emt 0:01:03]} bxc4 {[%emt 0:00:01]} 23. Rd4 {[%emt 0:12:11]} Qc6 {[%emt 0:00:04]} 24. Nd5 {[%emt 0:04:19]} h5 {[%emt 0:00:06]} 25. c3 {[%emt 0:00:42]} h4 {[%emt 0:00:50]} 26. g4 {[%emt 0:01:24]} Nxd5 {[%emt 0:01:22]} 27. Rxd5 {[%emt 0:00:04]} e6 {[%emt 0:00:03]} 28. Rd7 {[%emt 0:03:19]} Qf3 {[%emt 0:01:15]} 29. Qb1 {[%emt 0:00:20]} Be5 {[%emt 0:01:31]} 30. Bd4 {[%emt 0:04:04]} Bf4 {[%emt 0:01:22]} 31. Re1 {[%emt 0:02:29]} Qxh3 {[%emt 0:01:33]} 32. Qd1 {[%emt 0:00:03]} Bh2+ {[%emt 0:01:51]} 33. Kh1 {[%emt 0:00:01]} Bb8+ {[%emt 0:00:26]} 34. Kg1 {[%emt 0:00:01]} Qh2+ {[%emt 0:00:45]} 35. Kf1 {[%emt 0:00:02]} Qh1+ {[%emt 0:00:12]} 36. Ke2 {[%emt 0:00:01]} Qc6 {[%emt 0:00:02]} 37. Bf6 {[%emt 0:01:09]} e5 {[%emt 0:02:29]} 38. g5 {[%emt 0:00:26]} Qe4+ {[%emt 0:00:18]} 39. Kf1 {[%emt 0:00:55]} Qh1+ {[%emt 0:00:20]} 40. Ke2 {[%emt 0:00:02]} Qe4+ {[%emt 0:00:17]} 41. Kf1 {[%emt 0:50:16]} Qh1+ {[%emt 0:50:47]} 42. Ke2 {[%emt 0:00:18]} Qe4+ {[%emt 0:00:23]} 1/2-1/2

[Event "94th Tradewise Hastings Congress"]
[Site "Hastings"]
[Date "2019.01.06"]
[Round "10"]
[White "Pitschka, Claus"]
[Black "Ruane, Brendan J"]
[Result "1-0"]
[WhiteElo "2241"]
[BlackElo "1870"]
[Annotator "NA"]
[PlyCount "103"]
[EventDate "2018.12.28"]
[EventType "swiss"]
[EventCountry "ENG"]
[SourceTitle "playchess.com"]
[Source "ChessBase"]
[SourceQuality "1"]
[TimeControl "40/6000+30:3000+30"]

1. d4 {[%emt 0:00:30]} d5 {[%emt 0:00:00]} 2. c4 {[%emt 0:00:10]} e6 {[%emt 0:00:00]} 3. Nc3 {[%emt 0:00:45]} a6 {[%emt 0:00:00]} 4. cxd5 {[%emt 0:00:58]} exd5 {[%emt 0:00:07]} 5. Bf4 {[%emt 0:00:13]} Nf6 {[%emt 0:00:17]} 6. e3 {[%emt 0:00:50]} Bd6 {[%emt 0:00:41]} 7. Bg5 {[%emt 0:01:52]} Be6 {[%emt 0:05:58] LiveBook: 19 Games} 8. Bd3 {[%emt 0:02:22]} h6 {[%emt 0:11:32]} 9. Bh4 {[%emt 0:02:24]} g5 {[%emt 0:00:10]} 10. Bg3 {[%emt 0:00:16]} h5 {[%emt 0:00:17]} 11. Bxd6 {[%emt 0:05:46]} Qxd6 {[%emt 0:00:14]} 12. h4 {[%emt 0:00:11]} g4 {[%emt 0:02:26]} 13. Nge2 {[%emt 0:01:38]} Nbd7 {[%emt 0:03:28]} 14. Qb3 {[%emt 0:02:27]} b5 {[%emt 0:09:12]} 15. Qd1 {[%emt 0:09:11]} Nb6 $16 {[%emt 0:03:21]} (15... c5 $142) 16. Nf4 {[%emt 0:14:41]} g3 {[%emt 0:02:38]} 17. fxg3 {[%emt 0:07:59]} Nc4 {[%emt 0:12:44]} 18. Bxc4 {[%emt 0:03:06]} bxc4 {[%emt 0:00:31]} 19. Qa4+ {[%emt 0:02:41]} Bd7 {[%emt 0:02:25]} 20. Qc2 {[%emt 0:04:08]} Rg8 {[%emt 0:09:49]} 21. O-O-O {[%emt 0:12:20]} Rxg3 {[%emt 0:02:38]} 22. Rde1 {[%emt 0:00:09]} O-O-O {[%emt 0:00:53]} 23. Rhf1 {[%emt 0:01:01]} Ng4 {[%emt 0:11:04]} 24. Ncxd5 {[%emt 0:13:02]} Be6 {[%emt 0:00:56]} 25. e4 {[%emt 0:00:20]} Bxd5 {[%emt 0:01:25]} 26. Nxd5 {[%emt 0:00:10]} c3 {[%emt 0:05:16]} 27. Rxf7 {[%emt 0:01:57]} cxb2+ {[%emt 0:01:21]} 28. Kb1 {[%emt 0:01:05]} Rd7 {[%emt 0:00:47]} 29. Ref1 {[%emt 0:02:45]} Kb7 {[%emt 0:03:10]} 30. Qxb2+ {[%emt 0:01:28]} Ka7 {[%emt 0:00:56]} 31. Ka1 {[%emt 0:01:59]} Ne3 {[%emt 0:02:14]} 32. Rxd7 {[%emt 0:05:34]} Qxd7 {[%emt 0:00:02]} 33. Rb1 {[%emt 0:00:25]} Qb5 {[%emt 0:00:36]} 34. Qxb5 {[%emt 0:00:16]} axb5 {[%emt 0:00:27]} 35. Nxe3 {[%emt 0:00:37]} Rxe3 {[%emt 0:00:03]} 36. Rxb5 {[%emt 0:00:18]} Rxe4 {[%emt 0:00:29]} 37. Rxh5 {[%emt 0:04:46]} Rxd4 {[%emt 0:00:44]} 38. g3 {[%emt 0:00:07]} Rd2 {[%emt 0:00:21]} 39. g4 {[%emt 0:03:21]} Kb6 {[%emt 0:00:14]} 40. a4 {[%emt 0:01:47]} c5 {[%emt 0:02:17]} 41. Kb1 {[%emt 0:52:21]} Rg2 {[%emt 0:52:25]} 42. Rg5 {[%emt 0:00:55]} Ka5 {[%emt 0:03:11]} 43. Rxc5+ {[%emt 0:01:10]} Kb4 {[%emt 0:00:20]} 44. Rg5 {[%emt 0:00:50]} Kxa4 {[%emt 0:00:13]} 45. Kc1 {[%emt 0:00:16]} Kb3 {[%emt 0:00:23]} 46. Kd1 {[%emt 0:00:06]} Kc3 {[%emt 0:00:19]} 47. Ke1 {[%emt 0:00:53]} Kd3 {[%emt 0:01:24]} 48. Kf1 {[%emt 0:00:07]} Rh2 {[%emt 0:00:38]} 49. h5 {[%emt 0:00:09]} Ke3 {[%emt 0:00:28]} 50. Kg1 {[%emt 0:00:55]} Rc2 {[%emt 0:00:48]} 51. Rf5 {[%emt 0:00:00]} Ke4 {[%emt 0:00:00]} 52. h6 {[%emt 0:00:00]} 1-0

[Event "94th Tradewise Hastings Congress"]
[Site "Hastings"]
[Date "2019.01.06"]
[Round "10"]
[White "Villiers, Thomas"]
[Black "Nettleton, Charlie B"]
[Result "1-0"]
[WhiteElo "2205"]
[BlackElo "2059"]
[Annotator "NA"]
[PlyCount "91"]
[EventDate "2018.12.28"]
[EventType "swiss"]
[EventCountry "ENG"]
[SourceTitle "playchess.com"]
[Source "ChessBase"]
[SourceQuality "1"]
[TimeControl "40/6000+30:3000+30"]

1. Nf3 {[%emt 0:00:00]} d5 {[%emt 0:00:00]} 2. c4 {[%emt 0:00:00]} c6 {[%emt 0:00:00]} 3. b3 {[%emt 0:00:10]} Nf6 {[%emt 0:00:28]} 4. Bb2 {[%emt 0:00:07]} Bf5 {[%emt 0:00:31]} 5. e3 {[%emt 0:00:31]} e6 {[%emt 0:00:11]} 6. Be2 {[%emt 0:00:17]} h6 {[%emt 0:01:30]} 7. Nc3 {[%emt 0:00:09] A12: English Opening: 1...c6 with b3 by White} Nbd7 {[%emt 0:03:10]} 8. O-O {[%emt 0:00:10]} Bd6 {[%emt 0:04:05]} (8... Be7 9. d4 O-O 10. a3 a5 11. c5 Ne4 12. b4 b5 13. Nd2 Nxd2 14. Qxd2 Qc7 15. f4 Nf6 16. Bf3 axb4 17. axb4 Rxa1 18. Rxa1 {½-½ (31) Vachier Lagrave,M (2780)-Dreev,A (2649) chess.com INT 2018}) 9. d4 {[%emt 0:00:08]} Ne4 {[%emt 0:02:54]} 10. Nxe4 {[%emt 0:06:01]} Bxe4 {[%emt 0:03:16] LiveBook: 5 Games} 11. Nd2 {[%emt 0:01:03]} Bf5 $146 {[%emt 0:07:46]} ({Much worse is} 11... Qh4 $6 12. g3 $16) ({Predecessor:} 11... Bg6 12. f3 Qh4 13. f4 O-O 14. c5 Bc7 15. b4 {0-1 (44) Castrogiovanni,C (2108)-Del Dotto,R (2127) Falconara Marittima 2005}) 12. Bf3 {[%emt 0:03:09]} O-O {[%emt 0:16:36]} 13. Re1 {[%emt 0:01:17]} a5 {[%emt 0:14:16]} 14. e4 {[%emt 0:02:11]} dxe4 {[%emt 0:00:37]} 15. Nxe4 {[%emt 0:00:08]} Bb4 {[%emt 0:09:39]} 16. Re3 {[%emt 0:02:57]} Nf6 {[%emt 0:03:35]} 17. Nc5 {[%emt 0:20:13]} Bxc5 {[%emt 0:03:57]} 18. dxc5 {[%emt 0:00:10]} Qxd1+ {[%emt 0:00:06]} 19. Rxd1 {[%emt 0:00:08]} Rfd8 {[%emt 0:00:18]} 20. Ree1 {[%emt 0:01:14]} Ne8 {[%emt 0:11:44]} 21. Bc3 {[%emt 0:06:24]} a4 {[%emt 0:03:38]} 22. b4 {[%emt 0:03:18]} Bc2 {[%emt 0:00:52]} 23. Rxd8 {[%emt 0:02:41]} Rxd8 {[%emt 0:00:03]} 24. Rc1 {[%emt 0:00:04]} Bf5 {[%emt 0:01:38]} 25. b5 {[%emt 0:00:15]} Rc8 {[%emt 0:01:58]} 26. Be5 {[%emt 0:02:18]} f6 {[%emt 0:00:46]} 27. Bb2 {[%emt 0:06:11]} e5 {[%emt 0:00:23]} 28. g4 {[%emt 0:02:15]} Be6 {[%emt 0:01:09]} 29. h3 $11 {[%emt 0:01:18]} Kf7 {[%emt 0:00:32]} 30. Ba3 {[%emt 0:01:35]} g6 {[%emt 0:03:04]} 31. Rc3 {[%emt 0:03:41]} f5 {[%emt 0:01:20]} 32. Bc1 {[%emt 0:01:20]} e4 {[%emt 0:04:14]} 33. Bd1 {[%emt 0:01:53]} cxb5 {[%emt 0:02:15]} 34. cxb5 {[%emt 0:00:06]} Bxa2 {[%emt 0:00:07]} 35. gxf5 {[%emt 0:00:48]} gxf5 {[%emt 0:00:28]} 36. Bxa4 {[%emt 0:00:15]} h5 {[%emt 0:04:51]} 37. Bf4 {[%emt 0:01:22]} Ke7 {[%emt 0:01:34]} 38. c6 {[%emt 0:04:45]} b6 {[%emt 0:00:13]} 39. Be3 {[%emt 0:00:15]} Nc7 {[%emt 0:00:23]} 40. Bxb6 {[%emt 0:00:08]} Nd5 {[%emt 0:01:27]} 41. Bc5+ {[%emt 0:50:07]} Kd8 {[%emt 0:51:18]} 42. Rg3 {[%emt 0:00:29]} Nf4 {[%emt 0:01:29]} 43. Kh2 {[%emt 0:00:44]} Nd3 {[%emt 0:00:46]} 44. Bd6 {[%emt 0:00:48]} f4 {[%emt 0:00:42]} 45. Rg7 {[%emt 0:00:08]} Ra8 {[%emt 0:00:48]} 46. b6 {[%emt 0:00:30]} 1-0

[Event "94th Tradewise Hastings Congress"]
[Site "Hastings"]
[Date "2019.01.06"]
[Round "10"]
[White "Payne, Matthew J"]
[Black "Rolvag, Mikael"]
[Result "0-1"]
[WhiteElo "2182"]
[BlackElo "2107"]
[Annotator "NA"]
[PlyCount "82"]
[EventDate "2018.12.28"]
[EventType "swiss"]
[EventCountry "ENG"]
[SourceTitle "playchess.com"]
[Source "ChessBase"]
[SourceQuality "1"]
[TimeControl "40/6000+30:3000+30"]

1. e4 {[%emt 0:00:00]} c6 {[%emt 0:00:00]} 2. d4 {[%emt 0:00:00]} d5 {[%emt 0:00:00]} 3. e5 {[%emt 0:00:23]} Bf5 {[%emt 0:00:00]} 4. h4 {[%emt 0:00:05]} h6 {[%emt 0:02:51]} 5. g4 {[%emt 0:04:17]} Bd7 {[%emt 0:02:13]} 6. c4 {[%emt 0:06:58]} h5 {[%emt 0:08:02]} 7. gxh5 {[%emt 0:11:37]} Bf5 {[%emt 0:00:49]} 8. Nc3 {[%emt 0:05:14]} e6 {[%emt 0:03:33]} 9. cxd5 {[%emt 0:24:51]} cxd5 $11 {[%emt 0:01:20]} 10. Qb3 {[%emt 0:00:25]} Qd7 {[%emt 0:03:35]} 11. Bb5 {[%emt 0:03:56]} Nc6 {[%emt 0:00:07]} 12. Nge2 {[%emt 0:01:54]} a6 {[%emt 0:14:40]} 13. Bxc6 {[%emt 0:00:17]} Qxc6 {[%emt 0:00:01]} 14. Bg5 {[%emt 0:00:41]} b5 {[%emt 0:09:04]} 15. Rc1 {[%emt 0:05:54]} Qc4 {[%emt 0:08:19]} 16. Qd1 {[%emt 0:00:15]} Qd3 {[%emt 0:00:04]} 17. Qxd3 {[%emt 0:05:41]} Bxd3 {[%emt 0:02:10]} 18. Ng3 {[%emt 0:00:14]} Nh6 {[%emt 0:00:28]} 19. Kd2 {[%emt 0:01:12]} Bh7 {[%emt 0:00:08]} 20. Rhg1 {[%emt 0:05:55]} Kd7 {[%emt 0:00:38]} 21. f4 {[%emt 0:03:02]} Bb4 {[%emt 0:09:25]} 22. a3 {[%emt 0:05:34]} Ba5 {[%emt 0:01:22]} 23. b4 {[%emt 0:01:00]} Bb6 {[%emt 0:00:01]} 24. Bxh6 {[%emt 0:03:20]} gxh6 {[%emt 0:00:48]} 25. Nge2 {[%emt 0:00:04]} Rhg8 {[%emt 0:06:09]} 26. a4 {[%emt 0:00:17]} Bf5 {[%emt 0:10:53]} 27. axb5 {[%emt 0:01:56]} axb5 {[%emt 0:00:28]} 28. Nxb5 {[%emt 0:00:09]} Bg4 {[%emt 0:03:17]} 29. Ng3 {[%emt 0:01:08]} Ra2+ {[%emt 0:02:30]} 30. Ke3 {[%emt 0:00:59]} Rga8 {[%emt 0:01:08]} 31. Rc3 {[%emt 0:03:17]} Rb2 {[%emt 0:00:25]} 32. Ra3 {[%emt 0:07:36]} Rxa3+ {[%emt 0:00:19]} 33. Nxa3 {[%emt 0:00:20]} Rb3+ {[%emt 0:00:13]} 34. Kd2 {[%emt 0:00:03]} Rxa3 {[%emt 0:00:14]} 35. Ne4 {[%emt 0:00:18]} dxe4 {[%emt 0:00:00]} 36. Rxg4 {[%emt 0:00:00]} Bxd4 {[%emt 0:00:14]} 37. Kc2 {[%emt 0:00:43]} Rc3+ {[%emt 0:00:20]} 38. Kd2 {[%emt 0:00:04]} e3+ {[%emt 0:00:09]} 39. Ke2 {[%emt 0:00:03]} Rc2+ {[%emt 0:00:19]} 40. Kd3 {[%emt 0:00:15]} Rd2+ {[%emt 0:00:07]} 41. Kc4 {[%emt 0:50:04]} e2 0-1

[Event "94th Tradewise Hastings Congress"]
[Site "Hastings"]
[Date "2019.01.06"]
[Round "10"]
[White "Eames, Robert S"]
[Black "Comellas Blanchart, Jordi"]
[Result "1/2-1/2"]
[WhiteElo "2167"]
[BlackElo "2055"]
[Annotator "TA"]
[PlyCount "181"]
[EventDate "2018.12.28"]
[EventType "swiss"]
[EventCountry "ENG"]
[SourceTitle "playchess.com"]
[Source "ChessBase"]
[SourceQuality "1"]

{[%evp 9,181,-30,-20,-21,-27,-35,-22,-52,-48,-53,0,-26,-19,-27,-34,-27,-28,-27,-33,-22,-7,-51,0,15,27,-61,-48,-91,26,31,62,54,62,52,56,-20,-25,-29,68,81,98,96,93,108,92,38,112,67,82,76,76,66,69,73,65,68,143,0,122,113,131,123,121,113,133,127,146,115,125,130,164,157,157,130,178,164,215,203,224,212,243,170,171,169,188,181,173,180,165,181,221,228,287,131,146,40,36,35,66,66,66,66,66,65,66,65,65,65,65,65,66,66,66,65,66,66,66,66,66,66,66,66,66,66,66,66,66,66,66,0,66,66,66,66,66,64,64,64,64,64,64,64,64,64,64,64,64,64,64,64,64,64,65,65,65,65,65,0,64,64,64,64,64,64,64,64,64,64,64,64,67,72,72,68]} 1. d4 {Krasenkow,M} d5 2. c4 e6 3. Nc3 Nf6 4. Nf3 Be7 5. g4 O-O {LiveBook: 3 Games} 6. g5 {D37: Queen's Gambit Declined: 5 Bf4} Ne4 7. Qc2 Nxc3 $146 ({Predecessor:} 7... Nxg5 8. Bxg5 Bxg5 9. h4 Bh6 10. e3 c6 11. Ng5 f5 12. Rg1 Qe7 {½-½ (43) Mamedyarov,S (2761)-Ponomariov,R (2734) Dortmund 2010 CBM 138 [Krasenkow,M]}) 8. bxc3 {The position is equal.} c5 9. dxc5 Nc6 (9... dxc4 $15 10. Bg2 Nc6) 10. Bf4 Qa5 11. e3 dxc4 12. Bxc4 Qxc5 13. Bd3 e5 14. Bg3 $1 g6 15. Rb1 a6 (15... Bh3 $15 16. Rb5 Qd6) 16. h4 b5 17. Nh2 (17. Be4 $11) 17... Be6 18. h5 {[%cal Rh5g6]} Bc4 ({Black should play} 18... Bd5 $17 19. O-O Bxg5 20. hxg6 fxg6 21. Bxg6 Ra7) 19. hxg6 $11 Bxd3 ({Don't blunder} 19... fxg6 $2 20. Bxg6 $1 {[%mdl 512]} Rf7 21. Bxf7+ Bxf7 22. Ng4 $18) 20. gxf7+ $1 Rxf7 21. Qxd3 Rd8 22. Qc2 ({Better is} 22. Qe4 $1 $14) 22... Bxg5 23. Ng4 {[%cal Bh2g4,Bg4h6,Bh6f5][%mdl 32]} Kf8 (23... Qc4 $11 24. Nh6+ Bxh6 25. Rxh6 Rd3) 24. Rh5 $14 Qd5 25. Rd1 $36 {[%mdl 2048] White has strong initiative.} (25. Rxg5 $6 Qh1+ 26. Ke2 Qf3+ 27. Ke1 Qh1+ 28. Ke2 Qf3+ 29. Ke1 Qh1+ $11) 25... Qf3 {[#]} 26. Rxd8+ $1 ({Don't play} 26. Rxg5 $6 Qh1+ 27. Ke2 Qf3+ 28. Ke1 Rxd1+ 29. Qxd1 Qh1+ 30. Ke2 Qf3+ 31. Ke1 Qh1+ 32. Ke2 Qf3+ 33. Ke1 $11) 26... Bxd8 27. Qe2 (27. Qd1 $16 Qxd1+ 28. Kxd1) 27... e4 (27... Qe4 $1 $14) 28. Nh6 (28. Qxf3 {looks sharper.} exf3 29. Rh6 Rg7 30. Nh2 Rg6 31. Rxg6 hxg6 32. Nxf3 Kf7 33. Kd2) 28... Qxe2+ 29. Kxe2 Rd7 30. Rc5 Na5 31. Nf5 Nc4 32. Nd4 Ba5 {[#]} (32... Kf7 $14) 33. Bh4 ({White should try} 33. a4 $1 $16 {[%mdl 512]}) 33... Bxc3 (33... Ke8 $1 $11) 34. Ne6+ $16 Kf7 35. Ng5+ Kg7 36. Nxe4 Bb4 37. Rc6 a5 38. Bf6+ Kf7 39. Bd4 Nd6 40. Nf6 Rd8 41. Nxh7 Rg8 42. Nf6 Rg1 (42... Rc8 {was called for.} 43. Rxc8 Nxc8) 43. Nd5 $18 Re1+ 44. Kf3 Ba3 45. Nf4 Rc1 46. Ra6 Nc4 47. Ra7+ Ke8 48. Ne6 Rc2 49. Nc7+ Kd8 50. Nxb5 Rxa2 51. e4 (51. Ke4 $18 {has better winning chances.}) 51... Bb2 $16 52. Bxb2 (52. Bc5 $16) 52... Rxb2 {[%mdl 4096] Endgame KRN-KRN} 53. Nd4 Nd2+ 54. Kf4 {Hoping for e5.} Nxe4 $1 55. Kxe4 Rxf2 $14 {KRN-KR} 56. Kd5 Rd2 57. Kc5 Rd1 58. Nc6+ Ke8 59. Nxa5 Kf8 60. Nc6 Ke8 61. Nb4 Kf8 62. Nd5 Ke8 63. Kd6 Kf8 64. Ke6 Re1+ 65. Kf5 Rf1+ 66. Nf4 Ke8 67. Ke5 Re1+ 68. Kd6 Rd1+ 69. Nd5 Kf8 $1 70. Ra4 Kf7 71. Rf4+ Kg6 72. Rg4+ Kf5 73. Rg8 Ra1 74. Rf8+ Ke4 75. Rf4+ Kd3 76. Rh4 Ra8 77. Nb4+ Ke3 78. Nc6 Kd3 79. Kd5 Ke3 80. Re4+ Kf3 81. Nd4+ Kg3 82. Re3+ Kf4 83. Re4+ Kg3 84. Re7 Kf4 85. Rf7+ Ke3 86. Nc2+ Kd3 87. Nb4+ Ke3 88. Re7+ Kf4 89. Kd4 Ra4 90. Rf7+ Kg4 91. Kc5 {Precision: White = 64%, Black = 62%.} 1/2-1/2

[Event "94th Tradewise Hastings Congress"]
[Site "Hastings"]
[Date "2019.01.06"]
[Round "10"]
[White "Spiegel, Stefan, Dr."]
[Black "Armstrong, Malcolm J"]
[Result "1/2-1/2"]
[WhiteElo "2124"]
[BlackElo "2052"]
[Annotator "NA"]
[PlyCount "27"]
[EventDate "2018.12.28"]
[EventType "swiss"]
[EventCountry "ENG"]
[SourceTitle "playchess.com"]
[Source "ChessBase"]
[SourceQuality "1"]
[TimeControl "40/6000+30:3000+30"]

1. e4 {[%emt 0:00:00]} e5 {[%emt 0:00:00]} 2. Nf3 {[%emt 0:00:00]} Nf6 {[%emt 0:00:03]} 3. Nxe5 {[%emt 0:00:16]} d6 {[%emt 0:00:10]} 4. Nf3 {[%emt 0:00:07]} Nxe4 {[%emt 0:00:08]} 5. d4 {[%emt 0:00:24]} d5 {[%emt 0:00:12]} 6. Bd3 {[%emt 0:00:46]} Nc6 {[%emt 0:00:32]} 7. O-O {[%emt 0:00:24]} Be7 {[%emt 0:00:10]} 8. Nbd2 {[%emt 0:00:43]} Nf6 {[%emt 0:03:02]} 9. c3 {[%emt 0:01:13]} O-O {[%emt 0:00:37]} 10. Qc2 {[%emt 0:00:58]} Re8 {[%emt 0:04:20]} 11. Re1 {[%emt 0:03:11]} Bd6 {[%emt 0:01:46]} 12. Rxe8+ {[%emt 0:00:07]} Qxe8 {[%emt 0:00:11]} 13. h3 {[%emt 0:00:05]} h6 {[%emt 0:04:12]} 14. Nf1 {[%emt 0:01:29]} 1/2-1/2